MARC

LEADER 00000nbm0a2200000 4500
001 205620
005 20231225132946.0
035 |a (RuTPU)RU\TPU\book\224098 
035 |a RU\TPU\book\222329 
090 |a 205620 
100 |a 20111117j20111207k y0rusy50 ca 
101 0 |a rus 
102 |a RU 
105 |a a m 001zy 
200 1 |a Модернизация асинхронных вспомогательных двигателей электровозов  |e диссертация на соискание ученой степени кандидата технических наук  |e спец. 05.09.01  |f А. С. Гирник  |g Национальный исследовательский Томский политехнический университет (ТПУ), Кафедра Электромеханические комплексы и материалы ; науч. рук. О. Л. Рапопорт 
210 |a Томск  |d 2011 
215 |a 176 л.  |c ил. 
300 |a Защищена 7.12.2011 г. 
320 |a Библиогр.: с. 140-149 (107 назв.). 
606 1 |a Электровозы  |x Электрооборудование  |2 stltpush  |3 (RuTPU)RU\TPU\subj\19771  |9 44940 
610 1 |a асинхронные вспомогательные двигатели 
610 1 |a конструкции 
610 1 |a условия работы 
610 1 |a исследование 
610 1 |a математические модели 
610 1 |a поэтапная модернизация 
610 1 |a электропитание 
610 1 |a схемы 
610 1 |a защита 
610 1 |a тепловые перегрузки 
610 1 |a диссертации 
610 1 |a труды учёных ТПУ 
675 |a 621.335(04)  |v 3 
686 |a 05.09.01  |2 oksvnk 
700 1 |a Гирник  |b А. С.  |c специалист в области электротехники  |c доцент Томского политехнического университета, инженер, кандидат технических наук  |f 1982-  |g Андрей Сергеевич  |3 (RuTPU)RU\TPU\pers\25667  |9 11578 
702 1 |a Рапопорт  |b О. Л.  |c российский ученый, специалист в области электротехники  |c доцент Томского политехнического университета, кандидат технических наук  |f 1946-  |g Олег Лазаревич  |3 (RuTPU)RU\TPU\pers\25687  |4 727 
712 0 2 |a Национальный исследовательский Томский политехнический университет (ТПУ)  |b Кафедра Электромеханические комплексы и материалы  |c (2009- )  |3 (RuTPU)RU\TPU\col\15902 
801 1 |a RU  |b 63413507  |c 20111212 
801 2 |a RU  |b 63413507  |c 20111220  |g RCR 
942 |c BK